| 000 | 00992nam a2200241Ia 4500 | ||
|---|---|---|---|
| 001 | 19834 | ||
| 003 | GE_BSU | ||
| 008 | 181216s||||||||xx |||||||||||||| ||und|| | ||
| 040 | _cGE_BSU | ||
| 080 | _a01 | ||
| 100 | _aბაქრაძე,გ.ი. | ||
| 245 | _aბიბლიოგრაფიული მომსახურების ორგანიზაცია ბიბლიოთეკებში | ||
| 245 | _bმოკლე სახ-ლო საბიბლ.კურსები მსენელებისათვის | ||
| 245 | _cრედ. შ.ასათიანი | ||
| 260 | _aთბილისი | ||
| 260 | _c1939 | ||
| 300 | _a54გვ. | ||
| 541 | _h3ლ.35თ. | ||
| 653 | _aბიბლიოგრაფიული მომსახურების ორგანიზაცია ბიბლიოთეკებში | ||
| 653 | _aბიბლიოთეკარი | ||
| 653 | _aქსეროქსი | ||
| 942 | _cBK | ||
| 999 |
_c52804 _d52804 |
||